Top 10 des animaux avec le venin le plus puissant - Statistiques

Statistiques générales
  • Ce quiz a été pris 56 fois
  • Le résultat moyen est 3 sur 10
Statistiques - réponses
Hint Réponse % Correct
7 Scorpion
64%
3 Mamba noir
57%
4 La veuve noire
49%
5 Cobra royal
43%
1 Méduse boîte
19%
8 Poisson globe
17%
6 Poisson pierre
13%
2 Pieuvre à anneaux bleus
11%
9 La phyllobate terrible
6%
10 Le cône Marbré
6%
Aucun quiz correspondant
Distribution des résultats
% des personnes avec chaque résultat
Percentile par nombre de réponses
Votre historique - résultats
Vous n’avez pas pris ce quiz